|
|
|
|
| LEADER |
00000nab a2200000ua 4500 |
| 001 |
vtls010767877 |
| 003 |
SK-MaSNL |
| 005 |
20260304203318.0 |
| 008 |
250718s1959 xo |||||||||||||||||slo| |
| 035 |
|
|
|a (urnnbn)urn:nbn:sk:snk:ar-a02suv
|
| 035 |
|
|
|a (uuid)b1c15f58-ba0e-4775-8999-fc14b9e43c2c
|
| 035 |
|
|
|a urn:nbn:sk:snk-ab4o1k
|
| 040 |
|
|
|a SNKBUCL
|b slo
|c SNKBUCL
|e AACR2
|
| 041 |
0 |
|
|a slo
|
| 044 |
|
|
|a xo
|c SK
|
| 080 |
|
|
|a 069
|2 2001
|
| 080 |
|
|
|a 94(437.6)"1944"
|2 2001
|
| 080 |
|
|
|a (437.613)
|2 2001
|
| 100 |
1 |
|
|a Kubíčeková, Klára
|4 aut
|9 1535871
|
| 245 |
1 |
0 |
|a Krajské nitrianske múzeum v Bojniciach
|c Klára Kubíčeková
|
| 650 |
0 |
7 |
|a múzeá
|2 SNKPH
|9 4119
|
| 650 |
0 |
7 |
|a Slovenské národné povstanie (1944)
|2 SNKPH
|9 177948
|
| 651 |
|
7 |
|a Horná Nitra (Slovensko : región)
|2 SNK
|9 164707
|
| 651 |
|
7 |
|a Bojnice (Slovensko)
|2 SNKPH
|9 30288
|
| 773 |
0 |
|
|t Múzeum : študijný a informačný materiál
|g Roč. 6, č. 4 (1959), s. 561-563
|
| 850 |
|
|
|a Slovenská národná knižnica
|
| 852 |
|
|
|a Slovenská národná knižnica
|
| 954 |
|
|
|a odborná, vedecká literatúra pôvodná (slovenská)
|2 lita
|
| 958 |
|
|
|a article3
|
| 958 |
|
|
|a OND
|
| 958 |
|
|
|a EUIPO
|
| 999 |
|
|
|c 3108939
|d 3110869
|